000 01173cam a22003495a 4500
001 16719879
003 OSt
005 20170208114949.0
008 110404s2012 maua 001 0 eng
010 _a 2011926680
020 _a9780312640996 (student edition : alk. paper)
020 _a9780312606985 (complimentary copy : alk. paper)
040 _aDLC
_cDLC
042 _apcc
050 0 0 _aPE1417
_b.S358 2012
082 0 0 _a808/.0427
_223
100 1 _aSchakel, Peter J.
245 1 0 _aApproaching literature :
_breading + thinking + writing /
_cPeter Schakel, Jack Ridl.
250 _a3rd ed.
260 _aBoston, MA :
_bBedford/St. Martins,
_cc2012.
300 _axxxix, 1508 p. :
_bill. ;
_c24 cm.
500 _aIncludes index.
650 0 _aCollege readers.
650 0 _aEnglish language
_xRhetoric
_vProblems, exercises, etc.
650 0 _aReading (Higher education)
_vProblems, exercises, etc.
650 0 _aReport writing
_vProblems, exercises, etc.
650 0 _aAmerican literature.
700 1 _aRidl, Jack.
906 _a7
_bcbc
_corignew
_d3
_eepcn
_f20
_gy-gencatlg
942 _2lcc
_cBK
999 _c255412
_d255411